| 000 | 00718nam a2200157 a 4500 | ||
|---|---|---|---|
| 008 | 120416s1975 ||||||||||||||||| || u | ||
| 050 | _aRA 967 Cal | ||
| 100 | _aCalderhead, James | ||
| 245 | 1 | 0 | _aHospitals for people |
| 246 | _aa look at some new buildings in England | ||
| 260 |
_aLondon _bKing Edward's Hospital Fund for Departme _c1975 |
||
| 300 | _a63 pages : illustrations | ||
| 350 | _a0.00 | ||
| 995 |
_aBINDERY (DAMAGED) _D0.00 _e705269 _FCBU-MAIN LIBRARY (Kitwe) _H2 _I0.00 _jRA 967 Cal _UDAMAGED _y015116 _ZMain Library Open Access Collection |
||
| 995 |
_aANNEX COLLECTION (Main Library) _D0.00 _e705270 _FCBU-MAIN LIBRARY (Kitwe) _H1 _I0.00 _jRA 967 Cal _M1 _UAVAILABLE _WApr 10, 2007 _y015115 _ZAnnex Low-Usage Collection |
||
| 999 |
_c76342 _d76342 |
||